000 00524nam a22001577a 4500
003 NUST
082 _a610
100 _aASAD, MALIHA
_9121949
245 _aDesign and Manufacturing of Ankle Rehabilitation Device for Ankle Support /
_cMALIHA ASAD
264 _aIslamabad:
_bSMME- NUST.
_c2019.
300 _a51p. ;
_bSoft Copy ,
_c30cm.
650 _aMS Biomedical Engineering (BME)
_9119509
700 _aDr Umar Ansari
_916112
856 _u http://10.250.8.41:8080/xmlui/handle/123456789/8445
942 _2ddc
_cTHE
999 _c608591
_d608591